Los nuevos abogados: una lectura de las representaciones institucionales desde los discursos de colación de grados (Registro nro. 21726)
[ vista simple ]
| 000 -LEADER | |
|---|---|
| fixed length control field | 00425 a2200121 4500 |
| 001 - CONTROL NUMBER | |
| control field | ART_41807 |
| 005 - DATE AND TIME OF LATEST TRANSACTION | |
| control field | 20260410161814.0 |
| 008 - FIXED-LENGTH DATA ELEMENTS--GENERAL INFORMATION | |
| fixed length control field | 260409a |
| 100 1# - MAIN ENTRY--PERSONAL NAME | |
| Personal name | Cardinaux, Nancy |
| 245 10 - TITLE STATEMENT | |
| Title | Los nuevos abogados: una lectura de las representaciones institucionales desde los discursos de colación de grados |
| 700 1# - ADDED ENTRY--PERSONAL NAME | |
| Personal name | Zacari, Malvina |
| 773 0# - HOST ITEM ENTRY | |
| Title | Academia |
| Related parts | - Año 10, Nº 20 (jul./dic.2012) |
| Record control number | REV4314 |
No hay ítems disponibles.